ARRUPE JESUIT UNIVERSITY

CORONAVIRUS -STOP THE SPREAD - CLEAN,DISINFECT,COVER

Mixed humanity : (Record no. 123996)

MARC details
000 -LEADER
fixed length control field 00851cam a2200229 a 4500
001 - CONTROL NUMBER
control field 12232608
003 - CONTROL NUMBER IDENTIFIER
control field ARRUPE
005 - DATE AND TIME OF LATEST TRANSACTION
control field 20160121123321.0
008 - FIXED-LENGTH DATA ELEMENTS--GENERAL INFORMATION
fixed length control field 001116s1892 sa a 000 1 eng
010 ## - LIBRARY OF CONGRESS CONTROL NUMBER
LC control number 2001345302
040 ## - CATALOGING SOURCE
Original cataloging agency DLC
Transcribing agency DLC
043 ## - GEOGRAPHIC AREA CODE
Geographic area code f-sa---
050 00 - LIBRARY OF CONGRESS CALL NUMBER
Classification number PR9369.2.C68
Item number M59 1892
300 ## - PHYSICAL DESCRIPTION
Other physical details ill. ;
Dimensions 19 cm.
100 1# - MAIN ENTRY--PERSONAL NAME
Personal name Couper, J. R.
9 (RLIN) 21692
245 10 - TITLE STATEMENT
Title Mixed humanity :
Remainder of title a story of camp life in South Africa /
Statement of responsibility, etc by J.R. Couper ; illustrated by Irving Montagu.
260 ## - PUBLICATION, DISTRIBUTION, ETC. (IMPRINT)
Place of publication, distribution, etc Cape Colony, South Africa :
Name of publisher, distributor, etc J.C. Juta & Co. ;
Place of publication, distribution, etc Eastern Province :
Name of publisher, distributor, etc Impey, Walton & Co. ;
Place of publication, distribution, etc Natal :
Name of publisher, distributor, etc P. Davis & Sons ;
Place of publication, distribution, etc London :
Name of publisher, distributor, etc W.H. Allen,
Date of publication, distribution, etc 1892.
300 ## - PHYSICAL DESCRIPTION
Extent 400 p. :
651 #0 - SUBJECT ADDED ENTRY--GEOGRAPHIC NAME
Geographic name South Africa
Form subdivision Fiction.
9 (RLIN) 21693
906 ## - LOCAL DATA ELEMENT F, LDF (RLIN)
a 7
b cbc
c orignew
d 3
e ncip
f 20
g y-gencatlg
942 ## - ADDED ENTRY ELEMENTS (KOHA)
Source of classification or shelving scheme Library of Congress Classification
Koha item type SPC
Holdings
Withdrawn status Lost status Source of classification or shelving scheme Damaged status Not for loan Collection code Home library Current library Shelving location Date acquired Total Checkouts Full call number Barcode Date last seen Price effective from Koha item type
    Library of Congress Classification     SPECIAL Collection ARRUPE LIBRARY ARRUPE LIBRARY Reference 21/01/2016   SPC PR9369.2.C68 M59 1892 46500005877 21/01/2016 21/01/2016 SPC

 

Arrupe Library. PO Box MP320 Mt Pleasant, Harare, Zimbabwe
263 242 745411|librarian@aju.ac.zw